Пособие к расчету асинхронного двигателя

Detalhes bibliográficos
Autor principal: Кулеев И. Г. Иван Гаврилович
Resumo:Пособие предназначено для студентов, специализирующихся не по электрическим машинам
Литогр. изд.
Idioma:russo
Publicado em: [Томск]
Assuntos:
Formato: Livro
KOHA link:https://koha.lib.tpu.ru/cgi-bin/koha/opac-detail.pl?biblionumber=352356

MARC

LEADER 00000nam0a2200000 4500
001 352356
005 20231102010506.0
035 |a (RuTPU)RU\TPU\retro\8868 
090 |a 352356 
100 |a 20191218d k y0rusy50 ca 
101 0 |a rus 
102 |a RU 
105 |a a z 000zy 
200 1 |a Пособие к расчету асинхронного двигателя  |f И. Г. Кулеев 
210 |a [Томск] 
215 |a 29 с.  |c 10 рис., 2 табл. 
300 |a Пособие предназначено для студентов, специализирующихся не по электрическим машинам 
300 |a Литогр. изд. 
606 1 |a Электродвигатели асинхронные  |2 stltpush  |3 (RuTPU)RU\TPU\subj\60404  |9 77730 
610 1 |a коллекция ТПУ 
610 1 |a труды учёных ТПУ 
610 1 |a машины 
610 1 |a размеры 
610 1 |a обмотки 
610 1 |a активное сопротивление 
610 1 |a реактивное сопротивление 
610 1 |a расчеты 
610 1 |a цепи 
610 1 |a потери 
610 1 |a виды 
610 1 |a круговые диаграммы 
610 1 |a формулы 
675 |a 621.313.333  |v 4 
700 1 |a Кулеев  |b И. Г.  |c зав. кафедрой ЭМ и ЭПП ТПИ  |c выпускник ТТИ по электромеханической специальности 1930 г.  |f 1904-1958  |g Иван Гаврилович  |2 stltpush  |3 (RuTPU)RU\TPU\pers\22827  |9 9805 
801 1 |a RU  |b 63413507  |c 20191218 
942 |c BK